Statistics for NBA Players By Letter - C

Click here to take the quiz!

General Stats

  • This quiz has been taken 325 times
  • The average score is 19 of 29

Answer Stats

First NameSurnameTeam% Correct
StephenCurryGolden State Warriors
98%
SethCurryDallas Mavericks
98%
VinceCarterMemphis Grizzlies
94%
MichaelCarter-WilliamsChicago Bulls
94%
DeMarcusCousinsSacramento Kings
92%
ClintCapelaHouston Rockets
85%
TysonChandlerPhoenix Suns
85%
WilsonChandlerDenver Nuggets
85%
JaeCrowderBoston Celtics
84%
KentaviousCaldwell-PopeDetroit Pistons
83%
JamalCrawfordLos Angeles Clippers
79%
JoseCalderonLos Angeles Lakers
71%
IanClarkGolden State Warriors
71%
JordanClarksonLos Angeles Lakers
68%
NickCollisonOklahoma City Thunder
65%
DarrenCollisonSacramento Kings
65%
MikeConleyMemphis Grizzlies
64%
MarqueseChrissPhoenix Suns
62%
DeMarreCarrollToronto Raptors
59%
RobertCovingtonPhiladelphia 76ers
57%
WillieCauley-SteinSacramento Kings
47%
PatConnaughtonPortland Trail Blazers
46%
OmriCasspiSacramento Kings
45%
AllenCrabbePortland Trail Blazers
39%
BrunoCabocloToronto Raptors
36%
DanteCunninghamNew Orleans Pelicans
30%
IsaiahCanaanChicago Bulls
26%
RakeemChristmasIndiana Pacers
21%
SemajChristonOklahoma City Thunder
11%

Score Distribution

Percentile by Number Answered

Percent of People with Each Score

Your Score History

You have not taken this quiz